The Oxford Dictionary of Political Quotations / (Record no. 7594)
[ view plain ]
| 000 -LEADER | |
|---|---|
| fixed length control field | 01380nac a22003011u 4500 |
| 008 - FIXED-LENGTH DATA ELEMENTS--GENERAL INFORMATION | |
| fixed length control field | 110721s2005 enk|||||r|||| 00| 0 eng d |
| 010 ## - LIBRARY OF CONGRESS CONTROL NUMBER | |
| LC control number | 2005047741 |
| 020 ## - INTERNATIONAL STANDARD BOOK NUMBER | |
| International Standard Book Number | 0198610335 |
| 020 ## - INTERNATIONAL STANDARD BOOK NUMBER | |
| International Standard Book Number | 9780198610335 |
| 082 00 - DEWEY DECIMAL CLASSIFICATION NUMBER | |
| Classification number | 320.03 |
| Edition number | 22 |
| Item number | POL |
| 100 ## - MAIN ENTRY--PERSONAL NAME | |
| Personal name | 20080729 |
| 9 (RLIN) | 26374 |
| 245 04 - TITLE STATEMENT | |
| Title | The Oxford Dictionary of Political Quotations / |
| Statement of responsibility, etc | edited by Antony Jay. |
| 246 3# - VARYING FORM OF TITLE | |
| Title proper/short title | Political quotations |
| 250 ## - EDITION STATEMENT | |
| Edition statement | 2nd ed. ; |
| Remainder of edition statement | with supplement: sound bites 2000-4. |
| 260 ## - PUBLICATION, DISTRIBUTION, ETC. (IMPRINT) | |
| Place of publication, distribution, etc | New York : |
| Name of publisher, distributor, etc | Oxford University Press,2005 |
| Date of publication, distribution, etc | 2005. |
| 300 ## - PHYSICAL DESCRIPTION | |
| Extent | 513 p. ; |
| Dimensions | 20 cm. |
| 490 0# - Series Statement | |
| Series statement | Oxford paperback reference |
| -- | 26375 |
| 500 ## - GENERAL NOTE | |
| General note | Includes index. |
| 650 #0 - SUBJECT ADDED ENTRY--TOPICAL TERM | |
| Topical term or geographic name as entry element | Political science |
| Form subdivision | Quotations, maxims, etc. |
| 9 (RLIN) | 26376 |
| 650 #0 - SUBJECT ADDED ENTRY--TOPICAL TERM | |
| Topical term or geographic name as entry element | Politicians |
| Form subdivision | Quotations. |
| 9 (RLIN) | 26377 |
| 653 ## - INDEX TERM--UNCONTROLLED | |
| Resource For college | |
| 700 1# - ADDED ENTRY--PERSONAL NAME | |
| Personal name | Jay, Antony, |
| Dates associated with a name | 1930- |
| 9 (RLIN) | 26378 |
| 856 42 - ELECTRONIC LOCATION AND ACCESS | |
| Materials specified | Publisher description |
| Uniform Resource Identifier | <a href="http://www.loc.gov/catdir/enhancements/fy0640/2005047741-d.html">http://www.loc.gov/catdir/enhancements/fy0640/2005047741-d.html</a> |
| 856 42 - ELECTRONIC LOCATION AND ACCESS | |
| Materials specified | Table of contents only |
| Uniform Resource Identifier | <a href="http://www.loc.gov/catdir/enhancements/fy0640/2005047741-t.html">http://www.loc.gov/catdir/enhancements/fy0640/2005047741-t.html</a> |
| 856 42 - ELECTRONIC LOCATION AND ACCESS | |
| Materials specified | Contributor biographical information |
| Uniform Resource Identifier | <a href="http://www.loc.gov/catdir/enhancements/fy0726/2005047741-b.html">http://www.loc.gov/catdir/enhancements/fy0726/2005047741-b.html</a> |
| 942 ## - ADDED ENTRY ELEMENTS (KOHA) | |
| Item type | Reference (NB) |
| Call number prefix | 320.03 POL |
| Source of classification or shelving scheme | Dewey Decimal Classification |
| Withdrawn status | Item status | Source of classification or shelving scheme | Damaged status | Not for loan | Vendor | Home library | Current library | Shelving location | Date acquired | Source of acquisition | Total Checkouts | Full call number | Barcode | Date last seen | Date last borrowed | Koha item type |
|---|---|---|---|---|---|---|---|---|---|---|---|---|---|---|---|---|
| Dewey Decimal Classification | Central Library | Central Library | Ground Floor | 31/01/2008 | 1 | 320.03 POL | 000009304 | 15/07/2025 | 14/12/2008 | Reference (NB) |